| 000 | 01382nam0a2200325 4500 | ||
|---|---|---|---|
| 001 | RU\NLR\BIBL_A\012677254 | ||
| 005 | 20220504125724.0 | ||
| 010 |
_a978-5-04-118718-7 _93000 |
||
| 021 |
_aRU _bКН-П-21-058851 _9КН-П-21-4584 |
||
| 035 | _a(NLR Aleph) 012677254 | ||
| 090 |
_a12803565 _c12803565 |
||
| 100 | _a20211227d2021 u y0rusy50 ca | ||
| 101 | 1 |
_arus _cmap |
|
| 102 | _aRU | ||
| 105 | _ay z 000ay | ||
| 181 | 0 |
_ai _baxxe |
|
| 182 | 0 | _an | |
| 200 | 1 |
_aИстория любовных похождений одинокой женщины _fИхара Сайкаду _gперевод со старояпонского Веры Марковой и Евгении Пинус |
|
| 203 |
_aТекст _bвизуальный _cнепосредственный |
||
| 210 |
_aМосква _cЭксмо _d2021 |
||
| 215 |
_a310, [9] c. _d20 |
||
| 225 | 1 |
_aКоллекция классики _iЗапретный плод |
|
| 333 | _a16+ | ||
| 686 | 1 | _aШ6(5Я)407-4{Лх2315} | |
| 700 | 1 |
_7ca _8rus _aИхара _bС. _f1642-1693 _gСайкаку _9120265 _3RU\NLR\AUTH\7710496 |
|
| 702 | 1 |
_4730 _7ca _8rus _aМаркова _bВ. Н. _cпоэт, переводчик _f1907-1995 _gВера Николаевна _921436 _3RU\NLR\AUTH\7738452 |
|
| 942 | _cBOOK | ||
| 980 | _aNB | ||